00481nam a22001337a 4500008004100000040005500041080002100096245012500117260004600242300001100288650001300299653001600312700001900328230616b |||||||| |||| 00| 0 eng d aNational Science LibrarycNational Science Library a621.9(082.2)bN9 aProceedings of the 18th all India manufacturing technology design and research conference 21-23 December, 1998 Kharagpur aLondon: bNarosa Publishing House, c1998 a618p.  aScience  aTechnology  aPaul, S (Ed.)